| 000 | 00914cam a2200241 i 4500 | ||
|---|---|---|---|
| 003 | SA-RiAUC | ||
| 005 | 20250326123839.0 | ||
| 008 | 250326s1900 ua g 00000 ara c | ||
| 040 |
_aSA-RiAUC _bara _cSA-RiAUC _erda |
||
| 082 | 0 | 4 | _a258.2 |
| 090 |
_aن 258.2 _b خ ر ا |
||
| 100 | 1 |
_aالخراشي، محمد بن عبد الله، _d1010-1101 هجري _eمؤلف. |
|
| 245 | 1 | 2 |
_aالخرشي على مختصر سيدي خليل. _bزوبهامشه حاشية الشيخ علي العدوي |
| 264 | 1 |
_aالقاهرة : _bدهر الكتاب اإ،سلامي _c1900 |
|
| 300 |
_a8 مجلد ؛ _c28 سم |
||
| 336 |
_aنص _btxt _2rdacontent _3كتاب |
||
| 337 |
_aبدون وسيط _bn _2rdamedia |
||
| 338 |
_aمجلد _bnc _2rdacarrier |
||
| 650 | 7 |
_aالفقه المالكي _2aucsh |
|
| 740 | 0 | _aمختصر سيدي خليل. | |
| 942 |
_2ddc _cRARE BOOK _n0 |
||
| 949 |
_aSA-JeALM _d250326 _ueid123 _n1 |
||
| 999 |
_c6646 _d6646 |
||